| 000 | 00945 a2200217 4500 | ||
|---|---|---|---|
| 005 | 20080829130228.0 | ||
| 008 | 080829t xxu||||| |||| 00| 0 eng d | ||
| 010 | _aENG-87429 | ||
| 020 |
_a8171164455 _c995.00 |
||
| 035 | _aEN-70962 | ||
| 037 | _bDBAD / PUB | ||
| 082 | _a954.0842 | ||
| 245 |
_aSelect documents on partition of Punjab 1947 _bIndia and Pakistan Punjab, Haryana and Himachal India and Punjab-Pakistan _cedited by Kirpal Singh |
||
| 260 |
_aDelhi _bNational Book Shop _c2006 |
||
| 270 |
_aPleasure garden market, Chandni chowk, Delhi- 110 006 _e110 006 |
||
| 300 |
_aLxxxvi, 791 p. _c23 cm (Hb.) |
||
| 500 | _aIncludes bibliograpgical references and index | ||
| 700 | _aedited by Singh, Kirpal | ||
| 942 |
_adpl _cEN _k954.0842/SEL _2ddc _h954.0842 _mSEL |
||
| 999 |
_c6537 _d6537 |
||